000
00301nam a2200121Ia 4500
008
220204s9999 xx 000 0 und d
082
_a
575
_b
ADV.20
245
0
_a
Advances in genetics. V 20
260
_a
New York
_b
Academic
_c
1979
650
_a
Genetics
650
_a
Plant tissue culture
942
_c
BK
999
_c
34231
_d
34231